Application of data envelopment analysis in evaluating Slovakia's position among the countries acceding the European union

Informácia o rôznej úrovni efektívnosti hospodárskej politiky postkomunistických krajín, ktoré vstúpili do Európskej únie v máji 2004. Chybné kroky v rozhodovacích procesoch. Analýza bola vykonaná pomocou matematického programovania tzv. metódou obalu dát pre vybrané makroekonomické ukazovatele zosk...

Descrizione completa

Salvato in:
Dettagli Bibliografici
Autore principale: Ivaničová, Zlatica
Natura: Capitolo di libro
Lingua:inglese
Soggetti:
Tags: Aggiungi Tag
Nessun Tag, puoi essere il primo ad aggiungerne!!

MARC

LEADER 00000naa$a2200000$$$4500
001 0014292
005 20240502071359.6
041 0 |a eng 
044 |a SK 
245 1 0 |a Application of data envelopment analysis in evaluating Slovakia's position among the countries acceding the European union  |c aut. Zlatica Ivaničová 
520 |a Informácia o rôznej úrovni efektívnosti hospodárskej politiky postkomunistických krajín, ktoré vstúpili do Európskej únie v máji 2004. Chybné kroky v rozhodovacích procesoch. Analýza bola vykonaná pomocou matematického programovania tzv. metódou obalu dát pre vybrané makroekonomické ukazovatele zoskupené do štyroch blokov, ktoré charakterizujú monetárnu, rozpočtovú, zahraničnoobchodnú a sociálnu politiku ako aj agregovanú hospodársku politiku. 
610 2 0 |a situácia hospodárska 
610 2 0 |a analýzy 
610 2 0 |a SVE 
610 2 0 |a Slovensko 
610 2 0 |a ukazovatele makroekonomické 
610 2 0 |a Európska únia 
610 2 0 |a porovnanie medzinárodné 
610 2 0 |a modely ekonomicko-matematické 
100 1 |a Ivaničová, Zlatica